00745nam a2200229Ia 450000500170000000800410001702000220005804000190008004100120009908200130011110000220012424500720014625000190021826000430023730000170028044000320029765000510032985000100038094200070039099900160039795201020041320231214112340.0131103s9999 xx 000 0 und d a194355020cRs. 50 aLoreto College aEnglish a428bCUN aCunningham, Sarah aEveryday Listening and Speaking, cSarah Cunningham and Peter Moor a Intermediate  aOxford bOxford University Pressc1992 a80 p.b ill. aMaking Headway Intermediate aListening and Speaking - Communicative English aLCLIB cBK c6389d56868 00102ddc4070aMAINbMAINd2013-11-04l0o428 CUN 43225pB6259r2013-11-04w2013-11-04yBKf